000 00673cam a22002173a 4500
001 13528
003 PGUSA
005 20140828083306.0
008 040926s2004||||xxu|||||s|||||000 1 eng d
040 _aPGUSA
_beng
042 _adc
100 1 _aPetrovic, Walter D.
245 1 0 _aScorched Earth :
_bA Future History of Planet Earth
_h[electronic resource] /
_cWalter D. Petrovic
260 _bProject Gutenberg,
_c2004
506 _aCopyrighted. Read the copyright notice inside this book for details.
516 _aElectronic text
653 _aScience fiction
830 0 _aProject Gutenberg
_v13528
856 4 0 _uhttp://www.gutenberg.org/ebooks/13528
942 _cEB
999 _c242783
_d242783